| 000 | 01212pam a2200325 a 4500 | ||
|---|---|---|---|
| 005 | 20260322212058.0 | ||
| 008 | data | ||
| 010 | _a 98017215 | ||
| 020 | _a0736800387 (lib. bdg.) | ||
| 020 | _a9780736800389 (lib. bdg.) | ||
| 040 |
_aDLC _cDLC _dDLC |
||
| 042 | _alcac | ||
| 043 | _an-us--- | ||
| 050 | 0 | 0 |
_aHV8088 _b.G65 1999 |
| 082 | 0 | 0 |
_a363.28/9/02373 _221 |
| 092 | _a363.28 Gol 1999 | ||
| 100 | 1 | _aGoldberg, Jan. | |
| 245 | 1 | 0 |
_aPrivate investigator / _cJan Goldberg. |
| 260 |
_aMankato, Minn. : _bCapstone High/Low Books, _cc1999. |
||
| 300 |
_a48 p. : _bcol. ill. ; _c23 cm. |
||
| 490 | 1 | _aCareers without college | |
| 504 | _aIncludes bibliographical references (p. 45) and index. | ||
| 520 | _aDescribes the necessary training, job responsibilities, work environment, salaries, and job outlook for private investigators. Provides addresses for contact information. | ||
| 650 | 0 |
_aPrivate investigators _zUnited States _xJuvenile literature. |
|
| 650 | 0 |
_aPrivate investigators _xJuvenile literature. _zUnited States _xJuvenile literature. |
|
| 650 | 1 |
_aDetectives _xVocational guidance. |
|
| 650 | 1 | _aVocational guidance. | |
| 830 | 0 | _aCareers without college (Mankato, Minn.) | |
| 001 | data | ||
| 999 |
_c1400 _d1400 |
||